| 000 | 00434nam a22001697a 4500 | ||
|---|---|---|---|
| 003 | OSt | ||
| 005 | 20160523101610.0 | ||
| 008 | 160523b xxu||||| |||| 00| 0 eng d | ||
| 020 | _a0-8016-4774-6 | ||
| 040 | _cn/a | ||
| 050 |
_aRT 98 _b.C6562 1992 |
||
| 100 | _amaecia stanhope | ||
| 245 |
_acommunity health nursing _bprocess and practice for promoting health |
||
| 250 | _a3rd ed | ||
| 260 |
_achicago _bmosby |
||
| 942 |
_2lcc _cBK |
||
| 999 |
_c253936 _d253935 |
||